| 000 | 01094cjm a22003013a 4500 | ||
|---|---|---|---|
| 001 | 17986377 | ||
| 003 | BD-DhUL | ||
| 005 | 20171227104022.0 | ||
| 007 | sd fsngnnmmned | ||
| 008 | 140102s2009 cauppn| | eng | ||
| 010 | _a 2013627972 | ||
| 024 | 1 | _a845121008418 | |
| 028 | 0 | 2 |
_aAMCD001 _bAndrew Means Pub. |
| 040 |
_aDLC _cBD-DhUL _dBD-DhUL |
||
| 050 | 0 | 0 | _aSDC 31733 |
| 082 |
_a657.3 _bBEP |
||
| 100 | _4James P. Beddy, M.comm. | ||
| 245 | 0 | 0 |
_aProfits / _btheoretical and practical aspects |
| 260 |
_aDUBLIN _bhodges,figgis and co. _c1940. |
||
| 300 |
_bdigital ; _c4 3/4 in. |
||
| 500 | _aCompact disc. | ||
| 500 | _aBrief record. | ||
| 505 | 0 | _aLouie Heels -- The media made me do it -- Helsingborg -- Little flesh coil -- Heart of trouble -- Blue shoes -- The takeoff -- Jellybean skyscrape -- Silver centipede -- Waterfall -- Power, profits, prestige, pleasure -- Bink -- I want to be -- Afterburner -- Cellsoftware -- The marquis. | |
| 511 | 0 | _aAC Means. | |
| 906 |
_a7 _bcbc _corignew _d2 _encip _f20 _gy-soundrec |
||
| 942 |
_2ddc _cBK |
||
| 955 | _aqr19 2014-01-02 | ||
| 999 |
_c136392 _d136392 |
||